Astral sciences in Mesopotamia
Saved in:
| Main Author: | |
|---|---|
| Other Authors: | |
| Format: | Book |
| Language: | English German |
| Published: |
Leiden ; Boston :
Brill,
1999
|
| Series: | Handbuch der Orientalistik. Nahe und der Mittlere Osten ;
; Erste Abteilung |
| Subjects: | |
| Tags: |
Add Tag
No Tags, Be the first to tag this record!
|
MARC
| LEADER | 00000nam a2200000 i 4500 | ||
|---|---|---|---|
| 001 | 1/61716 | ||
| 008 | 071105s1999 eng d | ||
| 020 | |a 90-04-10127-6 (hbk.) | ||
| 022 | |a 01699423 | ||
| 035 | |l 10092065 | ||
| 040 | |a GR-MY-UA |b gre |e aacr | ||
| 041 | 1 | |a eng |h ger | |
| 082 | 0 | |a 520.935 |2 (22) | |
| 100 | 1 | |a Hunger, Hermann |d 1942- | |
| 245 | 1 | 0 | |a Astral sciences in Mesopotamia / |c by Hermann Hunger and David Pingree |
| 260 | |a Leiden ; Boston : |b Brill, |c 1999 | ||
| 300 | |a xviii, 303 σ. | ||
| 490 | 1 | |a Handbuch der Orientalistik. Der Nahe und Mittlere Osten |v ; 44; Erste Abteilung | |
| 504 | |a Βιβλιογραφία: σ. [278]-292. Ευρετήριο | ||
| 650 | 0 | 0 | |a Astronomy, Assyro-Babylonian. |
| 700 | 1 | |a Pingree, David Edwin |d 1933-2005. | |
| 830 | 0 | |a Handbuch der Orientalistik. Nahe und der Mittlere Osten ; |v ; Erste Abteilung | |
| 852 | |a INST |b RHODES |e 20071105 |h 520.935 HUN |p 005400025316 |q 005400025316 |t BK |y 0 | ||
| 901 | |a BIBL4-2007-3 | ||
| 909 | |a Ρ |b 139470 | ||
| 922 | |a 4ΕΛΗ |b 200709 |c ΕΠΕΑΕΚ2/ΤΜΣ |d ΠΑΠΑΣΩΤΗΡΙΟΥ | ||
| 970 | |a ΚΟΖΑ |b ΜΑΡΙΑ |z 2007/11/05 | ||